Southville International School and Colleges
Your cart is empty.
  • Cart
  • Lists
    Public lists Eva Luna New books Lux_list list_1
    Your lists Log in to create your own lists
  • Log in to your account
  • Your cookies
  • Search history
Southville International School and Colleges
  • Advanced search
  • Recent comments
  • Most popular
  • Libraries

Log in to your account

Log in with GOOGLE


If you do not have an external account, but do have a local account, you can still log in:

  1. Home
  2. MARC view: Benjamin goes to hospital /
Normal view MARC view ISBD view

Benjamin goes to hospital / (Record no. 113347)

[ view plain ]
MARC details
000 -LEADER
fixed length control field 00596nam a2200205 a 4500
005 - DATE AND TIME OF LATEST TRANSACTION
control field 20140414132015.0
008 - FIXED-LENGTH DATA ELEMENTS--GENERAL INFORMATION
fixed length control field 040201s19uu xx 00 eng d
020 ## - INTERNATIONAL STANDARD BOOK NUMBER
International Standard Book Number 0-7302-0574-6
050 ## - LIBRARY OF CONGRESS CALL NUMBER
Classification number TR
Item number B43 1991
100 ## - MAIN ENTRY--PERSONAL NAME
Personal name Lipson, Tony
245 ## - TITLE STATEMENT
Title Benjamin goes to hospital /
Statement of responsibility, etc Tony Lipson.
260 ## - PUBLICATION, DISTRIBUTION, ETC. (IMPRINT)
Place of publication, distribution, etc New Zealand :
Name of publisher, distributor, etc Golden,
Date of publication, distribution, etc 1991.
300 ## - PHYSICAL DESCRIPTION
Extent p. ; cm.
500 ## - GENERAL NOTE
General note TR/PS
520 ## - SUMMARY, ETC.
Summary, etc An introduction to hospital for children and parents.
650 ## - SUBJECT ADDED ENTRY--TOPICAL TERM
Topical term or geographic name as entry element Hospitals
General subdivision Juvenile literature.
650 ## - SUBJECT ADDED ENTRY--TOPICAL TERM
Topical term or geographic name as entry element Children
General subdivision Preparation for medical care.
Holdings
Withdrawn status Lost status Damaged status Home library Current library Shelving location Date acquired Source of acquisition Cost, normal purchase price Total Checkouts Full call number Barcode Date last seen Price effective from Koha item type Use restrictions
      Munich Library Munich Library Teachers Reference Section 02/01/2004   45.25   TR B43 1991 M4898 04/14/2014 04/14/2014 Books  
      Munich Library Munich Library Teachers Reference Section 12/23/2004       TR B43 1991 M4899 04/14/2014 04/14/2014 Books  

Benjamin goes to hospital /

APA

Lipson T., . (1991). Benjamin goes to hospital. New Zealand: Golden.

Chicago

Lipson Tony, . 1991. Benjamin goes to hospital. New Zealand: Golden.

Harvard

Lipson T., . (1991). Benjamin goes to hospital. New Zealand: Golden.

MLA

Lipson Tony, . Benjamin goes to hospital. New Zealand: Golden. 1991.

  • Place hold
  • Print
  • Cite
  • Add to your cart (remove)
  • Save record
    BIBTEX Dublin Core MARCXML MARC (non-Unicode/MARC-8) MARC (Unicode/UTF-8) MARC (Unicode/UTF-8, Standard) MODS (XML) RIS
  • More searches
    Search for this title in:
    Other Libraries (WorldCat) Other Databases (Google Scholar) Online Stores (Bookfinder.com) Open Library (openlibrary.org)

Exporting to Dublin Core...

SOUTHVILLE LIBRARY

Southville International School and Colleges Library

1281 Tropical Ave. Cor. Luxembourg St., BF Homes International, Las Pinas City

Tel. No. 8256374 / 252358 Loc. 117/146

Powered by Koha